I Believe Lyrics-Ghost - Statistics

General Stats
  • This quiz has been taken 45 times
    44 since last reset
  • The average score is 150 of 175
Answer Stats
Answer % Correct
be
100%
believe
100%
I
100%
you
100%
You
100%
need
95%
to
95%
What
95%
That
91%
that
91%
the
91%
The
91%
could
82%
it
82%
It
82%
And
77%
do
73%
Is
73%
It's
73%
it's
73%
just
73%
again
68%
keeps
68%
me
68%
all
64%
always
64%
But
64%
coming
64%
make
64%
old
64%
'round
64%
same
64%
sing
64%
song
64%
because
59%
Doesn't
59%
each
59%
real
59%
have
55%
less
55%
nothing
55%
year
55%
given
50%
left
50%
there's
50%
Oh
45%
with
45%
perennial
41%
reached
41%
conclusion
36%
easily
36%
No matching quizzes found
Score Distribution
Percent of People with Each Score
Percentile by Number Answered
Your Score History
You have not taken this quiz since the last reset